| 000 | 00512 a2200157 4500 | ||
|---|---|---|---|
| 005 | 20250621082703.0 | ||
| 020 | _a0-13-148965-8 | ||
| 082 | _aLM 629.134 KAL | ||
| 100 | _aKALPAKJIAN, S. | ||
| 245 | _aManufacturing Engineering Technology | ||
| 260 |
_aChicago _bPearson & Prentice Hall _c2006 |
||
| 300 |
_axxiv,1295p.: ill.; figures & tables, _bBibliography & Index _c26cm. |
||
| 700 | _aSCHMID, S. R. | ||
| 856 |
_yAccess Online Book _fManufacturing Engineering Technology _dwww.prenhall.com |
||
| 942 |
_2ddc _cBKS |
||
| 999 |
_c3434 _d3434 |
||